000 00342nam a2200157Ia 4500
003 IT-RoPAU
008 120407s9999 xx 000 0 und d
040 _aIT-RoPAU
040 _cIT-RoPAU
100 _aGiuseppe Massari
245 _aDiario dalle cento voci 1858-1860
260 _aCappelli
300 _c cm
490 _v1
942 _cBK
999 _c1567
_d1567